000 01350cam a22003617a 4500
003 CHAP
005 20220329135140.0
008 971013s1977 r 00010 d
010 _a31713
011 _a32685
035 _a36800
040 _cCHAP
090 _aTesis
100 0 0 _aLópez Cervantes, Ernesto.
_967768
245 0 _aEspecificidades del modelo de capital financiero en el desarrollo agrícola del Distrito de Riego No. 10 del estado de Sinaloa
_b: consideraciones de sus impactos por tipos de unidad
260 _aChapingo, Méx. :
_bEl autor,
_c1977
300 _a158 h.
502 _aTesis (M.C. Esp. en Economía Agrícola) -- ENA. Colegio de Postgraduados
590 _aALEPH
_b10
_c20130110
_lUCH01
_h1254
590 _aBATCH-UPD
_b10
_c20130109
_lUCH01
_h2331
590 _aBATCH-UPD
_b10
_c20130110
_lUCH01
_h2208
590 _aBATCH-UPD
_b10
_c20130410
_lUCH01
_h1512
590 _aBATCH-UPD
_b10
_c20130914
_lUCH01
_h0840
590 _aCONVERSION
_b10
_c20130109
_lUCH01
_h1318
650 1 4 _aAgricultura
_xAspectos economicos
_xSinaloa.
_91292
650 1 4 _aCapital en agricultura.
_918710
650 1 4 _aDistrito de Riego Culiacán, Sin.
_932865
901 _aBK
942 _cFOLL
949 _bBC
_cTES
_d-84644
_eTS1
_i36800
_si
949 _bBC
_cTES
_d-84645
_eTS2
_fc.2
_i36800
_si
949 _bBC
_cTES
_d-84647
_eTS2
_fc.3
_i36800
_si
999 _c31713
_d31713